Women's Super League Goalscorers 23/24 - Statistics

General Stats
  • This quiz has been taken 48 times
  • The average score is 40 of 135
Answer Stats
Player Club Goals % Correct
Beth Mead Arsenal 8
100%
Alessia Russo Arsenal 10
96%
Ella Toone Manchester United 6
96%
Khadija Shaw Manchester City 21
92%
Vivianne Miedema Arsenal 1
88%
Lauren Hemp Manchester City 9
85%
Lauren James Chelsea 13
85%
Sam Kerr Chelsea 4
85%
Chloe Kelly Manchester City 5
81%
Caitlin Foord Arsenal 4
77%
Beth England Tottenham Hotspur 3
65%
Millie Bright Chelsea 1
65%
Rachel Williams Manchester United 5
65%
Jordan Nobbs Aston Villa 2
62%
Katie McCabe Arsenal 3
62%
Stina Blackstenius Arsenal 5
62%
Aggie Beever-Jones Chelsea 7
58%
Elisabeth Terland Brighton & Hove Albion 13
54%
Grace Clinton Tottenham Hotspur 4
54%
Guro Reiten Chelsea 3
54%
Rachel Daly Aston Villa 7
54%
Chloe Lacasse Arsenal 3
50%
Frida Maanum Arsenal 2
50%
Geyse Manchester United 1
46%
Kim Little Arsenal 1
46%
Nikita Parris Manchester United 8
46%
Steph Catley Arsenal 1
46%
Alex Greenwood Manchester City 1
42%
Erin Cuthbert Chelsea 4
42%
Fran Kirby Chelsea 2
42%
Lotte Wubben-Moy Arsenal 1
42%
Mary Fowler Manchester City 3
42%
Millie Turner Manchester United 2
42%
Jess Park Manchester City 4
38%
Johanna Kaneryd Chelsea 3
38%
Leah Galton Manchester United 2
38%
Ashleigh Neville Tottenham Hotspur 1
35%
Celin Bizet Tottenham Hotspur 4
35%
Leanne Kiernan Liverpool 1
35%
Mayra Ramirez Chelsea 1
35%
Taylor Hinds Liverpool 2
35%
Amalie Thestrup Bristol City 9
31%
Amy Turner Tottenham Hotspur 1
31%
Danielle Turner Aston Villa 1
31%
Ebony Salmon Aston Villa 3
31%
Jess Naz Tottenham Hotspur 2
31%
Kenza Dali Aston Villa 1
31%
Kirsty Smith West Ham United 1
31%
Sjoeke Nusken Chelsea 6
31%
Victoria Pelova Arsenal 2
31%
Anna Patten Aston Villa 1
27%
Catarina Macario Chelsea 1
27%
Ffion Morgan Bristol City 1
27%
Issy Hobson Everton 1
27%
Janice Cayman Leicester City 4
27%
Jill Roord Manchester City 6
27%
Katie Zelem Manchester United 1
27%
Lina Hurtig Arsenal 1
27%
Lisa Naalsund Manchester United 2
27%
Marie Hobinger Liverpool 5
27%
Melvine Malard Manchester United 6
27%
Niamh Charles Chelsea 1
27%
Sophie Haug Liverpool 5
27%
Adriana Leon Aston Villa 5
23%
Amanda Ilestedt Arsenal 1
23%
Ashley Lawrence Chelsea 1
23%
Carrie Jones Bristol City 3
23%
Gemma Bonner Liverpool 1
23%
Kadeisha Buchanan Chelsea 1
23%
Katie Robinson Brighton & Hove Albion 3
23%
Laura Coombs Manchester City 3
23%
Lucia Garcia Manchester United 3
23%
Megan Finnigan Everton 3
23%
Miri Taylor Aston Villa 1
23%
Riko Ueki West Ham United 4
23%
Samantha Tierney Leicester City 3
23%
Alisha Lehmann Aston Villa 1
19%
Brooke Aspin Bristol City 2
19%
Denny Draper Leicester City 1
19%
Karen Holmgaard Everton 2
19%
Laia Aleixandri Manchester City 1
19%
Lee Geum-min Brighton & Hove Albion 2
19%
Leila Ouahabi Manchester City 1
19%
Lisa Evans Bristol City 1
19%
Maika Hamano Chelsea 1
19%
Martha Thomas Tottenham Hotspur 7
19%
Mia Fishel Chelsea 1
19%
Missy Bo Kearns Liverpool 1
19%
Nathalie Bjorn Chelsea/Everton 2
19%
Sarah Mayling Aston Villa 1
19%
Tatiana Pinto Brighton & Hove Albion 2
19%
Aurora Galli Everton 3
15%
Ceri Holland Liverpool 2
15%
Ella Powell Bristol City 1
15%
Emma Koivisto Liverpool 2
15%
Eveliina Summanen Tottenham Hotspur 1
15%
Guro Bergsvand Brighton & Hove Albion 1
15%
Hawa Cissoko West Ham United 1
15%
Jutta Rantala Leicester City 5
15%
Katja Snoeijs Everton 2
15%
Lena Petermann Leicester City 5
15%
Lucy Parker Aston Villa 1
15%
Madison Haley Brighton & Hove Albion 2
15%
Martina Piemonte Everton 2
15%
Maya Le Tissier Manchester United 2
15%
Pauline Bremer Brighton & Hove Albion 2
15%
Viviane Asseyi West Ham United 6
15%
Yuka Momiki Leicester City 2
15%
Abi Harrison Bristol City 1
12%
Amber Tysiak West Ham United 1
12%
Grace Fisk Liverpool 1
12%
Hanna Bennison Everton 1
12%
Hayley Ladd Manchester United 2
12%
Hinata Miyazawa Manchester United 1
12%
Jessie Fleming Chelsea 1
12%
Laura Blindkidle-Brown Manchester City 1
12%
Missy Goodwin Leicester City 1
12%
Vicky Losada Brighton & Hove Albion 1
12%
Amy Rodgers Bristol City 1
8%
Maz Pacheco Aston Villa 1
8%
Melissa Lawley Liverpool 1
8%
Olga Ahtinen Tottenham Hotspur 1
8%
Rachel Furness Bristol City 1
8%
Shannon Cooke West Ham United 1
8%
Aileen Whelan Leicester City 1
4%
Aimee Palmer Leicester City 1
4%
Elise Stenevik Everton 1
4%
Matilda Vinberg Tottenham Hotspur 1
4%
Megan Connolly Bristol City 1
4%
Natasha Flint Liverpool 1
4%
Ria Percival Tottenham Hotspur 1
4%
Saori Takarada Leicester City 1
4%
Shanice Van De Sanden Liverpool 1
4%
Risa Shimizu West Ham United 1
0%
Shannon O'Brien Leicester City 1
0%
No matching quizzes found
Score Distribution
Percent of People with Each Score
Percentile by Number Answered
Your Score History
You have not taken this quiz